| 000 | 00477nam a22001817a 4500 | ||
|---|---|---|---|
| 003 | 0 | ||
| 005 | 20231006093926.0 | ||
| 008 | 231006b xxu||||| |||| 00| 0 eng d | ||
| 020 | _a978-1-849907-491 | ||
| 050 |
_aPQ 2228 _b.D886 2014 |
||
| 100 | _aDumas, Alexandre | ||
| 245 |
_aThe three musketeers _cAlexandre Dumas |
||
| 260 |
_aUnited Kingdom _bBBC Books _cc2014. |
||
| 300 |
_axviii, 730 pages _c20 cm. |
||
| 500 | _aFiction. | ||
| 650 | _aFiction. | ||
| 942 |
_2lcc _cBK |
||
| 999 |
_c365477 _d365477 |
||